Normal view
MARC view
- BEHROZ,IKRAM UL HAQ,MUJTABA
Entry Personal Name
001 - CONTROL NUMBER
- control field: 72192
003 - CONTROL NUMBER IDENTIFIER
- control field: NUST
005 - DATE AND TIME OF LATEST TRANSACTION
- control field: 20210628204745.0
008 - FIXED-LENGTH DATA ELEMENTS
- fixed length control field: 210628|| aca||aabn | a|a d
040 ## - CATALOGING SOURCE
- Original cataloging agency: NUST
- Transcribing agency: NUST
100 ## - HEADING--PERSONAL NAME
- Personal name: BEHROZ,IKRAM UL HAQ,MUJTABA
670 ## - SOURCE DATA FOUND
- Source citation: Work cat.: (NUST): BEHROZ,IKRAM UL HAQ,MUJTABA, PR-SOF-1137-DESIGN, ANALYSIS AND FABRICATION OF A FLAPPING WING MICRO AERO VEHICLE (MAV), 2011
